[Event "78 St. Petersburg ch"]
[Site "Saint-Petersburg RUS"]
[Date "2005.03.22"]
[Round "6.4"]
[White "Loginov, Valery A"]
[Black "Gerasimov, Yuri"]
[Result "1-0"]
[WhiteElo "2507"]
[BlackElo "2242"]
[PlyCount "105"]
[EventDate "2005.03.17"]
[EventType "tourn"]
[EventRounds "11"]
[EventCountry "RUS"]
[Source "lmi"]
[SourceDate "2005.03.28"]

1. Nf3 Nf6 2. g3 b6 3. Bg2 Bb7 4. O-O c5 5. d3 d6 6. e4 e5 7. Nbd2 Be7 8. c3
O-O 9. Re1 Nc6 10. a3 Qc7 11. b4 Rad8 12. Bb2 a5 13. Qb3 Nd7 14. d4 Bf6 15.
Rac1 axb4 16. axb4 Qb8 17. bxc5 bxc5 18. d5 Ne7 19. Ra1 Qc7 20. Ra7 Rb8 21.
Rea1 Nc8 22. R7a2 Ncb6 23. h4 Ra8 24. Nh2 Rxa2 25. Rxa2 Ra8 26. Ng4 Be7 27. Ne3
Rxa2 28. Qxa2 Qb8 29. Bf1 Qa8 30. Qxa8+ Bxa8 31. Bb5 Nb8 32. Nb3 Bd8 33. c4 g6
34. Bc3 Kf8 35. Kg2 Nc8 36. Nxc5 Bb6 37. Na6 Ba7 38. c5 dxc5 39. Bxe5 Nxa6 40.
Bxa6 Ne7 41. Nc4 f5 42. f3 h6 43. Bc7 g5 44. Bb6 Bb8 45. Bxc5 g4 46. d6 gxf3+
47. Kf2 Nc6 48. exf5 Kf7 49. g4 Kf6 50. Nb6 Ne5 51. Nxa8 Nxg4+ 52. Kxf3 Ne5+
53. Ke4 1-0

[Event "78 St. Petersburg ch"]
[Site "Saint-Petersburg RUS"]
[Date "2005.03.22"]
[Round "6.5"]
[White "Solovjov, Sergey"]
[Black "Lugovoi, Aleksei"]
[Result "1-0"]
[WhiteElo "2456"]
[BlackElo "2552"]
[PlyCount "69"]
[EventDate "2005.03.17"]
[EventType "tourn"]
[EventRounds "11"]
[EventCountry "RUS"]
[Source "lmi"]
[SourceDate "2005.03.28"]

1. e4 d6 2. d4 Nf6 3. Nc3 g6 4. f4 Bg7 5. Nf3 O-O 6. Bd3 Na6 7. O-O c5 8. d5
Rb8 9. f5 Nb4 10. fxg6 fxg6 11. Be2 Ng4 12. a3 Na6 13. Qe1 Nc7 14. Qh4 Qe8 15.
Bd2 h6 16. h3 g5 17. Bxg5 hxg5 18. Nxg5 Nf6 19. Rxf6 Rxf6 20. Qh7+ Kf8 21. Bh5
Qd8 22. Bf7 e5 23. dxe6 Rxf7 24. Nxf7 Bd4+ 25. Kh1 Qf6 26. Nd5 Nxd5 27. exd5
Ke7 28. Nh6+ Kd8 29. Nf5 Be5 30. Rf1 Bxe6 31. dxe6 Qxe6 32. Nd4 Qe7 33. Ne6+
Kd7 34. Rf7 Re8 35. Nf8+ 1-0

[Event "78 St. Petersburg ch"]
[Site "Saint-Petersburg RUS"]
[Date "2005.03.22"]
[Round "6.6"]
[White "Astashov, Gleb"]
[Black "Ionov, Sergey"]
[Result "1-0"]
[WhiteElo "2293"]
[BlackElo "2527"]
[PlyCount "129"]
[EventDate "2005.03.17"]
[EventType "tourn"]
[EventRounds "11"]
[EventCountry "RUS"]
[Source "lmi"]
[SourceDate "2005.03.28"]

1. Nf3 Nf6 2. c4 e6 3. Nc3 c5 4. g3 b6 5. Bg2 Bb7 6. O-O Be7 7. d4 cxd4 8. Qxd4
d6 9. b3 O-O 10. Bb2 a6 11. Rfd1 Nbd7 12. e4 Qc8 13. Rac1 Rd8 14. Qe3 Qc7 15.
Qe2 Rac8 16. Nd4 Re8 17. h3 Qb8 18. f4 Bf8 19. Nf3 Rcd8 20. Kh2 h6 21. Re1 Nc5
22. Nd2 Qa8 23. b4 Ncd7 24. a3 Qb8 25. Nf3 Rc8 26. e5 Nh7 27. Ne4 Red8 28. exd6
Bxd6 29. Nxd6 Qxd6 30. Red1 Qb8 31. Rd4 Ndf6 32. Rcd1 Rxd4 33. Bxd4 Be4 34. Ne5
Bxg2 35. Qxg2 Qc7 36. Qf3 Nf8 37. f5 exf5 38. Qxf5 Rd8 39. Rd3 Ne6 40. Bc3 Re8
41. Rd7 Qxd7 42. Nxd7 Nxd7 43. Qd5 Nef8 44. Kg2 Re2+ 45. Kf1 Re3 46. Bd4 Rxg3
47. c5 bxc5 48. bxc5 Rg5 49. Qc4 Rf5+ 50. Kg1 Ne5 51. Bxe5 Rxe5 52. c6 Ne6 53.
Qxa6 Rc5 54. Qb6 Rc1+ 55. Kf2 Rc4 56. Qb5 Rc5 57. Qb6 Rc4 58. Ke1 Ra4 59. Qb3
Ra6 60. Qc3 g6 61. Kd2 h5 62. Kc1 Ra8 63. Qb4 Rc8 64. Qb7 Rc7 65. a4 1-0

[Event "78 St. Petersburg ch"]
[Site "Saint-Petersburg RUS"]
[Date "2005.03.23"]
[Round "7.2"]
[White "Lugovoi, Aleksei"]
[Black "Astashov, Gleb"]
[Result "1-0"]
[WhiteElo "2552"]
[BlackElo "2293"]
[PlyCount "59"]
[EventDate "2005.03.17"]
[EventType "tourn"]
[EventRounds "11"]
[EventCountry "RUS"]
[Source "lmi"]
[SourceDate "2005.03.28"]

1. d4 g6 2. e4 Bg7 3. Nc3 c6 4. Be3 d5 5. f3 b6 6. Qd2 Ba6 7. Nge2 h5 8. O-O-O
e6 9. g4 h4 10. Bh3 Ne7 11. Kb1 Nd7 12. e5 c5 13. f4 Qc7 14. f5 Nc6 15. fxe6
fxe6 16. Nf4 Nf8 17. g5 cxd4 18. Bxd4 Nxd4 19. Qxd4 Qc6 20. Rhe1 Rh7 21. Ncxd5
exd5 22. Nxd5 Rc8 23. Bxc8 Bxc8 24. Nf6+ Kf7 25. Qd8 Bf5 26. e6+ Bxe6 27. Rxe6
Kxe6 28. Re1+ Kf5 29. Qd3+ Kxg5 30. Qe3+ 1-0

[Event "78 St. Petersburg ch"]
[Site "Saint-Petersburg RUS"]
[Date "2005.03.23"]
[Round "7.3"]
[White "Gerasimov, Yuri"]
[Black "Solovjov, Sergey"]
[Result "1/2-1/2"]
[WhiteElo "2242"]
[BlackElo "2456"]
[PlyCount "67"]
[EventDate "2005.03.17"]
[EventType "tourn"]
[EventRounds "11"]
[EventCountry "RUS"]
[Source "lmi"]
[SourceDate "2005.03.28"]

1. d4 Nf6 2. Nf3 d5 3. c4 c6 4. cxd5 Nxd5 5. e4 Nf6 6. Nc3 e6 7. Bd3 b5 8. O-O
b4 9. e5 Nd5 10. Ne4 Ba6 11. Bxa6 Nxa6 12. Bg5 Qb6 13. Rc1 h6 14. Bh4 g5 15.
Bg3 O-O-O 16. Nfd2 Qxd4 17. Rxc6+ Kb7 18. Qc2 Nb6 19. Rc1 Be7 20. Nb3 Qd5 21.
Nd6+ Bxd6 22. exd6 Rc8 23. h3 Rhd8 24. Na5+ Qxa5 25. d7 Ra8 26. Rxe6 Nc5 27.
Rxh6 Nbxd7 28. Qc4 f6 29. Qd5+ Kb6 30. Rxf6+ Nxf6 31. Bc7+ Kxc7 32. Rxc5+ Qxc5
33. Qxc5+ Kd7 34. Qxg5 1/2-1/2

[Event "78 St. Petersburg ch"]
[Site "Saint-Petersburg RUS"]
[Date "2005.03.23"]
[Round "7.4"]
[White "Ivanov, Sergey"]
[Black "Loginov, Valery A"]
[Result "0-1"]
[WhiteElo "2574"]
[BlackElo "2507"]
[PlyCount "62"]
[EventDate "2005.03.17"]
[EventType "tourn"]
[EventRounds "11"]
[EventCountry "RUS"]
[Source "lmi"]
[SourceDate "2005.03.28"]

1. d4 Nf6 2. c4 d6 3. Nc3 Nbd7 4. Nf3 c6 5. e4 e5 6. Be2 Be7 7. O-O O-O 8. Be3
a6 9. d5 h6 10. Nd2 c5 11. a3 Nh7 12. g3 Bg5 13. f4 exf4 14. gxf4 Bf6 15. Bd3
Re8 16. Qf3 Rb8 17. Kh1 b5 18. Rg1 b4 19. axb4 Rxb4 20. Qh5 g6 21. e5 Kh8 22.
Bxg6 fxg6 23. Rxg6 Nxe5 24. fxe5 Rxe5 25. Qxh6 Bf5 26. Rg3 Rxb2 27. Bf4 Re7 28.
Rf1 Qe8 29. Bxd6 Re1 30. Rgg1 Rxf1 31. Rxf1 Bg5 0-1

[Event "78 St. Petersburg ch"]
[Site "Saint-Petersburg RUS"]
[Date "2005.03.24"]
[Round "8.1"]
[White "Popov, Valerij"]
[Black "Vitiugov, Nikita"]
[Result "1-0"]
[WhiteElo "2588"]
[BlackElo "2478"]
[PlyCount "89"]
[EventDate "2005.03.17"]
[EventType "tourn"]
[EventRounds "11"]
[EventCountry "RUS"]
[Source "lmi"]
[SourceDate "2005.03.28"]

1. e4 c5 2. Nf3 e6 3. Nc3 a6 4. g3 b5 5. Bg2 Bb7 6. d3 Be7 7. O-O Nf6 8. e5 Nd5
9. Ne4 Nb6 10. Nfg5 Bxe4 11. Nxe4 Nc6 12. Be3 Nxe5 13. Nxc5 d5 14. Qe2 Ng6 15.
Bd4 Qd6 16. h4 Bf6 17. Bxf6 gxf6 18. d4 Rg8 19. a4 b4 20. Rfe1 Ke7 21. h5 Nf8
22. a5 Nbd7 23. Nd3 Rc8 24. Qd2 Rc4 25. Nf4 Kd8 26. b3 Rc3 27. Nd3 Rg4 28. Nxb4
Qxb4 29. Ra4 Rcxg3 30. Rxb4 Rxg2+ 31. Kh1 Rg5 32. Qf4 R2g4 33. Qh2 e5 34. Re3
Rf4 35. Rg3 Rgf5 36. Kg1 Ne6 37. c3 Re4 38. dxe5 d4 39. Rg8+ Ke7 40. exf6+ Kxf6
41. Rxd4 Nxd4 42. cxd4 Rxd4 43. Qc7 Ne5 44. Qb6+ Ke7 45. Qc5+ 1-0

[Event "78 St. Petersburg ch"]
[Site "Saint-Petersburg RUS"]
[Date "2005.03.24"]
[Round "8.4"]
[White "Solovjov, Sergey"]
[Black "Ivanov, Sergey"]
[Result "1/2-1/2"]
[WhiteElo "2456"]
[BlackElo "2574"]
[PlyCount "73"]
[EventDate "2005.03.17"]
[EventType "tourn"]
[EventRounds "11"]
[EventCountry "RUS"]
[Source "lmi"]
[SourceDate "2005.03.28"]

1. e4 e6 2. d4 d5 3. Nd2 c5 4. Ngf3 cxd4 5. exd5 Qxd5 6. Bc4 Qd6 7. O-O Nf6 8.
Nb3 Nc6 9. Nbxd4 Nxd4 10. Nxd4 a6 11. Re1 Qc7 12. Bb3 Bd6 13. Nf5 Bxh2+ 14. Kh1
O-O 15. Nxg7 Rd8 16. Qf3 Kxg7 17. Bh6+ Kg6 18. c3 Nh5 19. Bc1 Bf4 20. g4 Ng3+
21. fxg3 Bxc1 22. Raxc1 b6 23. Qe3 Bb7+ 24. Kh2 Qc5 25. Qf4 Qg5 26. Bc2+ Kh6
27. Rcd1 Qxf4 28. gxf4 Bf3 29. Rxd8 Rxd8 30. Kg3 Rd2 31. Kxf3 Rxc2 32. Re2 Rc1
33. Rd2 b5 34. Rd6 Rc2 35. Rxa6 Rxb2 36. f5 Rc2 37. fxe6 1/2-1/2

[Event "78 St. Petersburg ch"]
[Site "Saint-Petersburg RUS"]
[Date "2005.03.24"]
[Round "8.5"]
[White "Astashov, Gleb"]
[Black "Gerasimov, Yuri"]
[Result "1-0"]
[WhiteElo "2293"]
[BlackElo "2242"]
[PlyCount "135"]
[EventDate "2005.03.17"]
[EventType "tourn"]
[EventRounds "11"]
[EventCountry "RUS"]
[Source "lmi"]
[SourceDate "2005.03.28"]

1. e4 e5 2. Nf3 Nc6 3. Bc4 d6 4. d4 exd4 5. Nxd4 Nf6 6. O-O Be7 7. Nc3 O-O 8.
Bf4 Ne5 9. Bb3 Re8 10. h3 Bf8 11. Bh2 a6 12. a4 c5 13. Nde2 Nc6 14. f3 Qb6 15.
Kh1 Be6 16. Nf4 Nd4 17. a5 Qc7 18. Ncd5 Bxd5 19. Nxd5 Nxd5 20. Bxd5 Rab8 21.
Qd3 Nc6 22. Rfd1 Nxa5 23. Qc3 Nc6 24. Qxc5 Rec8 25. Qc3 Ne5 26. Qxc7 Rxc7 27.
c3 Be7 28. Ra4 Kf8 29. Kg1 Rd8 30. Kf1 Nd7 31. Rb4 b5 32. Ra1 Nc5 33. Ke2 Bf6
34. Ra2 Na4 35. Bg1 Rdc8 36. Rbxa4 bxa4 37. Bb6 Bd8 38. Bxc7 Bxc7 39. Rxa4 Rb8
40. b4 Rb6 41. Kd3 Ke7 42. f4 h6 43. h4 g6 44. Ra1 Bd8 45. g3 Ke8 46. Bc4 Bf6
47. Bxa6 g5 48. hxg5 hxg5 49. Ra5 gxf4 50. gxf4 Be7 51. Bb5+ Kd8 52. Ra8+ Kc7
53. Ra7+ Rb7 54. Rxb7+ Kxb7 55. e5 dxe5 56. fxe5 f6 57. e6 f5 58. Be8 Kc7 59.
Bg6 f4 60. Bh5 Kd6 61. Bg4 Kd5 62. c4+ Ke5 63. c5 Kd5 64. Kc3 f3 65. Bxf3+ Kxe6
66. Kc4 Kd7 67. b5 Bd8 68. b6 1-0

[Event "78 St. Petersburg ch"]
[Site "Saint-Petersburg RUS"]
[Date "2005.03.24"]
[Round "8.6"]
[White "Ionov, Sergey"]
[Black "Lugovoi, Aleksei"]
[Result "1/2-1/2"]
[WhiteElo "2527"]
[BlackElo "2552"]
[PlyCount "56"]
[EventDate "2005.03.17"]
[EventType "tourn"]
[EventRounds "11"]
[EventCountry "RUS"]
[Source "lmi"]
[SourceDate "2005.03.28"]

1. d4 d5 2. c4 e6 3. Nc3 c5 4. cxd5 exd5 5. Nf3 Nc6 6. g3 Nf6 7. Bg2 Be7 8. O-O
O-O 9. Bg5 cxd4 10. Nxd4 h6 11. Be3 Re8 12. Qa4 Bd7 13. Rfd1 Na5 14. Qc2 Rc8
15. Nf5 Bf8 16. Bxd5 Nxd5 17. Rxd5 Nc4 18. Bxa7 Qc7 19. Bd4 Be6 20. e4 Qc6 21.
Rd1 Bxd5 22. Nxd5 Qe6 23. Qd3 Rc6 24. f3 Ne5 25. Qe2 Nd7 26. Qd2 Ne5 27. Qe2
Nd7 28. Qd2 Ne5 1/2-1/2

[Event "78 St. Petersburg ch"]
[Site "Saint-Petersburg RUS"]
[Date "2005.03.25"]
[Round "9.1"]
[White "Lugovoi, Aleksei"]
[Black "Popov, Valerij"]
[Result "1/2-1/2"]
[WhiteElo "2552"]
[BlackElo "2588"]
[PlyCount "103"]
[EventDate "2005.03.17"]
[EventType "tourn"]
[EventRounds "11"]
[EventCountry "RUS"]
[Source "lmi"]
[SourceDate "2005.03.28"]

1. d4 d5 2. c4 c6 3. Nf3 Nf6 4. Nc3 dxc4 5. a4 Bf5 6. e3 e6 7. Bxc4 Bb4 8. O-O
Nbd7 9. Qe2 O-O 10. e4 Bg6 11. Bd3 h6 12. Rd1 Rc8 13. Bf4 Re8 14. h3 a6 15.
Rac1 Qa5 16. Nd2 b5 17. Nb3 Qb6 18. Be3 Bxc3 19. bxc3 Bxe4 20. Bxe4 Nxe4 21.
Bxh6 Ndf6 22. Nd2 Nxd2 23. Bxd2 bxa4 24. Rb1 Qa5 25. c4 Qf5 26. Ra1 e5 27. Be3
exd4 28. Rxd4 Rb8 29. Rxa4 Rb1+ 30. Rd1 Reb8 31. Ra1 Rxa1 32. Rxa1 Rb1+ 33.
Rxb1 Qxb1+ 34. Kh2 a5 35. Qd2 Qb8+ 36. Bf4 Qa8 37. Be5 Nh7 38. Qd6 a4 39. Bb2
Qf8 40. Qg3 f6 41. Ba3 Qe8 42. Qd6 Qe5+ 43. Qxe5 fxe5 44. Kg1 Nf8 45. Kf1 Ne6
46. Ke2 Kf7 47. g3 Ng5 48. h4 Ne4 49. Ke3 Nf6 50. f3 Ke6 51. g4 g6 52. Bb2
1/2-1/2

[Event "78 St. Petersburg ch"]
[Site "Saint-Petersburg RUS"]
[Date "2005.03.25"]
[Round "9.2"]
[White "Gerasimov, Yuri"]
[Black "Ionov, Sergey"]
[Result "1/2-1/2"]
[WhiteElo "2242"]
[BlackElo "2527"]
[PlyCount "32"]
[EventDate "2005.03.17"]
[EventType "tourn"]
[EventRounds "11"]
[EventCountry "RUS"]
[Source "lmi"]
[SourceDate "2005.03.28"]

1. c4 f5 2. d4 Nf6 3. Nc3 d6 4. Nf3 g6 5. Bg5 Nbd7 6. e3 Bg7 7. Bd3 O-O 8. e4
fxe4 9. Nxe4 Qe8 10. O-O Nxe4 11. Bxe4 h6 12. Be3 Nf6 13. Bd3 Ng4 14. Qc2 Bf5
15. Rae1 Qd7 16. Bd2 e6 1/2-1/2

[Event "78 St. Petersburg ch"]
[Site "Saint-Petersburg RUS"]
[Date "2005.03.25"]
[Round "9.3"]
[White "Ivanov, Sergey"]
[Black "Astashov, Gleb"]
[Result "1-0"]
[WhiteElo "2574"]
[BlackElo "2293"]
[PlyCount "51"]
[EventDate "2005.03.17"]
[EventType "tourn"]
[EventRounds "11"]
[EventCountry "RUS"]
[Source "lmi"]
[SourceDate "2005.03.28"]

1. d4 Nf6 2. c4 g6 3. Nc3 Bg7 4. e4 d6 5. Nf3 O-O 6. Be2 e5 7. O-O Na6 8. Bg5
Qe8 9. Re1 h6 10. Bxf6 Bxf6 11. c5 Nb4 12. dxe5 dxe5 13. Qb3 Nc6 14. Nd5 Qd8
15. Rad1 Nd4 16. Nxd4 exd4 17. Bc4 Bg7 18. e5 c6 19. Nf4 Qg5 20. g3 Kh7 21.
Bxf7 Bf5 22. Rxd4 Qe7 23. Bxg6+ Bxg6 24. Nxg6 Qxc5 25. Nxf8+ Rxf8 26. Qd3+ 1-0

[Event "78 St. Petersburg ch"]
[Site "Saint-Petersburg RUS"]
[Date "2005.03.25"]
[Round "9.4"]
[White "Yemelin, Vasily"]
[Black "Solovjov, Sergey"]
[Result "1/2-1/2"]
[WhiteElo "2555"]
[BlackElo "2456"]
[PlyCount "46"]
[EventDate "2005.03.17"]
[EventType "tourn"]
[EventRounds "11"]
[EventCountry "RUS"]
[Source "lmi"]
[SourceDate "2005.03.28"]

1. e4 c5 2. Nf3 d6 3. d4 cxd4 4. Nxd4 Nf6 5. Nc3 g6 6. Be3 Bg7 7. f3 O-O 8. Qd2
Nc6 9. g4 Be6 10. Nxe6 fxe6 11. O-O-O Ne5 12. Be2 Qc8 13. Bh6 Nc4 14. Bxc4 Qxc4
15. Bxg7 Kxg7 16. h4 b5 17. Kb1 Rac8 18. h5 Kf7 19. e5 dxe5 20. Ne4 Nxe4 21.
hxg6+ hxg6 22. Rh7+ Kg8 23. Rh8+ Kf7 1/2-1/2

[Event "78 St. Petersburg ch"]
[Site "Saint-Petersburg RUS"]
[Date "2005.03.25"]
[Round "9.6"]
[White "Vitiugov, Nikita"]
[Black "Klimov, Sergey"]
[Result "1-0"]
[WhiteElo "2478"]
[BlackElo "2509"]
[PlyCount "85"]
[EventDate "2005.03.17"]
[EventType "tourn"]
[EventRounds "11"]
[EventCountry "RUS"]
[Source "lmi"]
[SourceDate "2005.03.28"]

1. d4 Nf6 2. c4 g6 3. Nc3 Bg7 4. e4 O-O 5. Nf3 d6 6. Be2 e5 7. O-O Nc6 8. d5
Ne7 9. Nd2 a5 10. a3 Nd7 11. Rb1 f5 12. b4 Kh8 13. Qc2 Nf6 14. f3 axb4 15. axb4
c6 16. Nb3 cxd5 17. cxd5 fxe4 18. fxe4 Qb6+ 19. Kh1 Bd7 20. Qd3 Qxb4 21. Nd2
Qd4 22. Rxb7 Rac8 23. Bb2 Rb8 24. Rxb8 Rxb8 25. Ba3 Nc8 26. Qc2 Ng4 27. Nd1 Qa7
28. Bxg4 Bxg4 29. Nc4 Qa6 30. Nde3 Bd7 31. h4 Rb7 32. h5 gxh5 33. Qf2 Be8 34.
Qh4 Qa4 35. Bxd6 Nxd6 36. Nxd6 Rb8 37. Qe7 Bg6 38. Nef5 Bf8 39. Qxe5+ Kg8 40.
Qe6+ Kh8 41. Nf7+ Bxf7 42. Qe5+ Kg8 43. Qxb8 1-0

[Event "78 St. Petersburg ch"]
[Site "Saint-Petersburg RUS"]
[Date "2005.03.26"]
[Round "10.4"]
[White "Astashov, Gleb"]
[Black "Yemelin, Vasily"]
[Result "0-1"]
[WhiteElo "2293"]
[BlackElo "2555"]
[PlyCount "122"]
[EventDate "2005.03.17"]
[EventType "tourn"]
[EventRounds "11"]
[EventCountry "RUS"]
[Source "lmi"]
[SourceDate "2005.03.28"]

1. d4 Nf6 2. c4 e6 3. g3 d5 4. Nf3 Bb4+ 5. Bd2 Be7 6. Bg2 O-O 7. O-O c6 8. Qc2
b6 9. Bf4 Ba6 10. b3 Nbd7 11. Nc3 Rc8 12. e4 dxc4 13. Rfd1 h6 14. bxc4 Bxc4 15.
Ne5 Nxe5 16. dxe5 Nd7 17. Rd4 Ba6 18. Rad1 Rc7 19. Qd2 Bc8 20. h4 c5 21. Rd6
Bxd6 22. exd6 Rb7 23. e5 f6 24. exf6 Nxf6 25. Qd3 Rbf7 26. Qg6 Kh8 27. Be5 Bb7
28. Bxb7 Rxb7 29. Ne2 Rbf7 30. Nf4 Qd7 31. Rd2 Kg8 32. f3 Qc6 33. Bxf6 Rxf6 34.
Qg4 e5 35. Ne6 Qd7 36. Nxf8 Qxg4 37. fxg4 Rxf8 38. d7 Rd8 39. Rd6 Kf7 40. h5
Ke7 41. Rg6 Kf7 42. Rd6 c4 43. Kf2 c3 44. Ke3 b5 45. a3 a5 46. Kd3 b4 47. axb4
axb4 48. Kc2 Ke7 49. Rb6 Rxd7 50. Rxb4 Rd4 51. Rb5 Rxg4 52. Rxe5+ Kf6 53. Re3
Rg5 54. Kxc3 Rxh5 55. Kd3 Re5 56. Rf3+ Kg5 57. Rf4 Rf5 58. Rxf5+ Kxf5 59. Ke3
Kg4 60. Kf2 Kh3 61. Kf3 g5 0-1

[Event "78 St. Petersburg ch"]
[Site "Saint-Petersburg RUS"]
[Date "2005.03.26"]
[Round "10.5"]
[White "Ionov, Sergey"]
[Black "Ivanov, Sergey"]
[Result "1-0"]
[WhiteElo "2527"]
[BlackElo "2574"]
[PlyCount "85"]
[EventDate "2005.03.17"]
[EventType "tourn"]
[EventRounds "11"]
[EventCountry "RUS"]
[Source "lmi"]
[SourceDate "2005.03.28"]

1. d4 d5 2. c4 e6 3. Nf3 Nf6 4. e3 b6 5. Bd3 Bb7 6. O-O Bd6 7. Nc3 O-O 8. Qe2
Ne4 9. Qc2 f5 10. cxd5 exd5 11. Nb5 Ba6 12. b3 Be7 13. Ne5 c6 14. Nc3 Bxd3 15.
Qxd3 Bd6 16. f4 Nd7 17. Nxc6 Qc7 18. Nxe4 fxe4 19. Qb5 Nf6 20. Ne5 Qc3 21. Rb1
Qc2 22. Rb2 Qc3 23. Rbf2 Rfc8 24. Bd2 Qc7 25. g4 a6 26. Qe2 Qe7 27. g5 Bxe5 28.
fxe5 Nd7 29. Qg4 Nf8 30. Rf7 Qxf7 31. Rxf7 Kxf7 32. Bb4 Rc1+ 33. Kg2 Rc2+ 34.
Kg3 Re8 35. Bxf8 Kxf8 36. Qd7 Re2 37. Qxd5 Rxe3+ 38. Kf2 Rf3+ 39. Ke2 Rh3 40.
Qd6+ Kg8 41. e6 Rc8 42. e7 Kf7 43. e8=Q+ 1-0

[Event "78 St. Petersburg ch"]
[Site "Saint-Petersburg RUS"]
[Date "2005.03.26"]
[Round "10.6"]
[White "Lugovoi, Aleksei"]
[Black "Gerasimov, Yuri"]
[Result "1/2-1/2"]
[WhiteElo "2552"]
[BlackElo "2242"]
[PlyCount "132"]
[EventDate "2005.03.17"]
[EventType "tourn"]
[EventRounds "11"]
[EventCountry "RUS"]
[Source "lmi"]
[SourceDate "2005.03.28"]

1. d4 Nf6 2. c4 e6 3. Nc3 Bb4 4. e3 O-O 5. Bd3 c5 6. Nf3 d5 7. O-O Nc6 8. a3
Bxc3 9. bxc3 dxc4 10. Bxc4 Qc7 11. h3 e5 12. Bb2 b6 13. Ba2 Ba6 14. Re1 Rad8
15. e4 Rfe8 16. Qc2 Re7 17. d5 Na5 18. c4 Ne8 19. Nd2 f6 20. Rac1 Nd6 21. Qd1
Nf7 22. Bb1 Qd7 23. Bd3 Nc6 24. Qa4 Nb8 25. Qxd7 Nxd7 26. a4 Nd6 27. Bc3 Rb8
28. Rb1 Ree8 29. g3 g6 30. Kg2 Rf8 31. f4 Rbe8 32. a5 Rb8 33. axb6 axb6 34. Ra1
Ra8 35. Ra2 Bb7 36. Rea1 Rxa2 37. Rxa2 Ra8 38. Rxa8+ Bxa8 39. Nf3 f5 40. Nxe5
fxe4 41. Be2 Nb8 42. g4 Bb7 43. Nxg6 hxg6 44. Be5 Nxc4 45. Bxc4 Nd7 46. Bc3 Kf8
47. h4 Ke7 48. h5 gxh5 49. gxh5 b5 50. h6 Nf8 51. Bxb5 Bxd5 52. Kf2 Be6 53. Ke3
Bf5 54. Bc6 Kf7 55. Bxe4 Bxe4 56. Kxe4 Kg6 57. Bg7 Nh7 58. Kf3 Kh5 59. Ke3 c4
60. Kd4 c3 61. Kxc3 Kg4 62. Be5 Kh5 63. Bg7 Kg4 64. Be5 Kh5 65. Kd4 Kxh6 66.
Kd5 Kg6 1/2-1/2

[Event "78 St. Petersburg ch"]
[Site "Saint-Petersburg RUS"]
[Date "2005.03.27"]
[Round "11.1"]
[White "Gerasimov, Yuri"]
[Black "Popov, Valerij"]
[Result "1/2-1/2"]
[WhiteElo "2242"]
[BlackElo "2588"]
[PlyCount "123"]
[EventDate "2005.03.17"]
[EventType "tourn"]
[EventRounds "11"]
[EventCountry "RUS"]
[Source "lmi"]
[SourceDate "2005.03.28"]

1. d4 Nf6 2. Nf3 c5 3. c3 e6 4. Bf4 Nc6 5. e3 d5 6. Bd3 Qb6 7. Qc2 Nh5 8. Be5
h6 9. O-O Be7 10. dxc5 Bxc5 11. Bd4 Bxd4 12. exd4 Nf4 13. Na3 a6 14. Rab1 Bd7
15. Rfc1 g5 16. Bf1 g4 17. Ne1 Qd8 18. Nd3 Qg5 19. Nxf4 Qxf4 20. Qd3 e5 21. Qe3
Qxe3 22. fxe3 Bf5 23. Ra1 Ke7 24. Re1 b5 25. Rac1 g3 26. b3 gxh2+ 27. Kxh2 b4
28. cxb4 Nxb4 29. Rc7+ Ke6 30. dxe5 Rhc8 31. Rec1 Kxe5 32. R1c5 Kd6 33. Rxc8
Rxc8 34. Ra5 Bd7 35. e4 dxe4 36. Nc4+ Ke7 37. Re5+ Be6 38. a3 Nd3 39. Rxe4 Nc5
40. Re3 Nxb3 41. Rxb3 Bxc4 42. Rb7+ Kf8 43. Bxc4 Rxc4 44. Rb6 Rh4+ 45. Kg3 Ra4
46. Rxh6 Rxa3+ 47. Kg4 Ra4+ 48. Kf5 Ra5+ 49. Kf6 Kg8 50. Rh4 Ra2 51. g3 Ra3 52.
Rg4+ Kf8 53. Kf5 Rf3+ 54. Ke5 Re3+ 55. Kf5 Ra3 56. Kg5 a5 57. Kh4 Rf3 58. Rg5
f5 59. Rg6 a4 60. Ra6 a3 61. g4 a2 62. Ra8+ 1/2-1/2

[Event "78 St. Petersburg ch"]
[Site "Saint-Petersburg RUS"]
[Date "2005.03.27"]
[Round "11.2"]
[White "Ivanov, Sergey"]
[Black "Lugovoi, Aleksei"]
[Result "1/2-1/2"]
[WhiteElo "2574"]
[BlackElo "2552"]
[PlyCount "87"]
[EventDate "2005.03.17"]
[EventType "tourn"]
[EventRounds "11"]
[EventCountry "RUS"]
[Source "lmi"]
[SourceDate "2005.03.28"]

1. d4 d5 2. c4 e6 3. Nc3 c5 4. cxd5 exd5 5. Nf3 Nc6 6. g3 Nf6 7. Bg2 Be7 8. O-O
O-O 9. Bg5 cxd4 10. Nxd4 h6 11. Be3 Re8 12. Rc1 Bf8 13. Na4 Bd7 14. Nc5 Bxc5
15. Rxc5 Qe7 16. Qc1 Qe5 17. Rd1 Qh5 18. Nf3 Bh3 19. Bd4 Ne4 20. Rc2 Bxg2 21.
Kxg2 Ng5 22. Nxg5 hxg5 23. Be3 Re5 24. h3 Rae8 25. Rcd2 Rxe3 26. fxe3 Rxe3 27.
Rf1 g4 28. hxg4 Qxg4 29. Rf3 Re6 30. Qd1 d4 31. Rf4 Qg5 32. Rd3 Qd5+ 33. Rdf3
g5 34. Rxf7 Ne5 35. Rf8+ Kg7 36. g4 Nxf3 37. Rxf3 Re4 38. Qc2 Qe5 39. Kf2 Re3
40. Qc4 Rxf3+ 41. exf3 Qe3+ 42. Kg2 Kf6 43. Qd5 Qe2+ 44. Kh3 1/2-1/2

[Event "78 St. Petersburg ch"]
[Site "Saint-Petersburg RUS"]
[Date "2005.03.27"]
[Round "11.3"]
[White "Yemelin, Vasily"]
[Black "Ionov, Sergey"]
[Result "1/2-1/2"]
[WhiteElo "2555"]
[BlackElo "2527"]
[PlyCount "54"]
[EventDate "2005.03.17"]
[EventType "tourn"]
[EventRounds "11"]
[EventCountry "RUS"]
[Source "lmi"]
[SourceDate "2005.03.28"]

1. e4 c6 2. Ne2 d5 3. e5 c5 4. d4 Nc6 5. c3 Bf5 6. Be3 Qb6 7. Ng3 Bg6 8. Qd2 e6
9. dxc5 Bxc5 10. Bxc5 Qxc5 11. f4 Nh6 12. Na3 O-O 13. h4 Nf5 14. Nxf5 Bxf5 15.
Qf2 Qe7 16. g3 d4 17. Nc4 Be4 18. Rh2 dxc3 19. bxc3 f6 20. Qe3 Bd5 21. Rb2 fxe5
22. Nxe5 Nxe5 23. Qxe5 Rac8 24. a4 Qc5 25. c4 Rf5 26. Qe2 Qa5+ 27. Qd2 Qxd2+
1/2-1/2

[Event "78 St. Petersburg ch"]
[Site "Saint-Petersburg RUS"]
[Date "2005.03.27"]
[Round "11.4"]
[White "Yevseev, Denis"]
[Black "Astashov, Gleb"]
[Result "1-0"]
[WhiteElo "2550"]
[BlackElo "2293"]
[PlyCount "57"]
[EventDate "2005.03.17"]
[EventType "tourn"]
[EventRounds "11"]
[EventCountry "RUS"]
[Source "lmi"]
[SourceDate "2005.03.28"]

1. d4 g6 2. e4 Bg7 3. Nc3 d6 4. Be3 Nf6 5. Qd2 e5 6. dxe5 dxe5 7. Qxd8+ Kxd8 8.
O-O-O+ Nbd7 9. h3 c6 10. Nf3 Ke7 11. a4 Ne8 12. Bc4 h6 13. Ba2 Nc7 14. Nd2 Ne6
15. Nc4 h5 16. h4 Bh6 17. Bxh6 Rxh6 18. g3 f6 19. Rhf1 b6 20. f4 Ba6 21. Rf2
Rhh8 22. fxe5 Bxc4 23. exf6+ Nxf6 24. Bxc4 Ng4 25. Rfd2 Ne3 26. Rd7+ Kf6 27.
e5+ Kf5 28. Rf7+ Kxe5 29. Re1 1-0

[Event "78 St. Petersburg ch"]
[Site "Saint-Petersburg RUS"]
[Date "2005.03.27"]
[Round "11.6"]
[White "Klimov, Sergey"]
[Black "Loginov, Valery A"]
[Result "0-1"]
[WhiteElo "2509"]
[BlackElo "2507"]
[PlyCount "81"]
[EventDate "2005.03.17"]
[EventType "tourn"]
[EventRounds "11"]
[EventCountry "RUS"]
[Source "lmi"]
[SourceDate "2005.03.28"]

1. e4 c5 2. Nf3 d6 3. d4 cxd4 4. Nxd4 Nf6 5. Nc3 Nc6 6. Bg5 e6 7. Qd2 a6 8.
O-O-O Qb6 9. f4 Qxd4 10. Qxd4 Nxd4 11. Rxd4 Be7 12. Be2 Rb8 13. Bf3 h6 14. Bh4
g5 15. fxg5 Nh7 16. Bg3 e5 17. Rd5 Be6 18. gxh6 Bxd5 19. Nxd5 Bg5+ 20. Kb1 Nf6
21. h4 Rxh6 22. Nxf6+ Bxf6 23. Bf2 Ke7 24. h5 Bg5 25. c4 Rc8 26. b3 b5 27. Bg4
Rc7 28. cxb5 axb5 29. Rd1 Rh8 30. Kb2 Ra8 31. a3 f5 32. exf5 Bf6 33. Rd2 Rg8
34. Be2 Rxg2 35. Bxb5 e4+ 36. Kb1 Rc3 37. Bc4 Rf3 38. Be3 Rxd2 39. Bxd2 Rxf5
40. h6 d5 41. Bc1 0-1